| 000 | 00678nam a2200229 a 4500 | ||
|---|---|---|---|
| 005 | 20140310183443.0 | ||
| 008 | 080917s19uu xx 00 eng d | ||
| 020 | _a978-0-7619-6162-8 | ||
| 050 |
_aHM 1206 _b.Sp658 2007 |
||
| 100 | _aSparks, Colin | ||
| 245 |
_aGlobalization, development and the mass media. _cColin Sparks |
||
| 260 |
_aLos Angeles : _bSage Publishing, _c2007. |
||
| 300 |
_a258 p. : _c23 cm. |
||
| 521 | _aMC | ||
| 650 | _aMass Communication. | ||
| 650 |
_aMass media _xSocial aspects. |
||
| 650 |
_aMass media _xPolitical aspects. |
||
| 650 | _aCommunication, International. | ||
| 650 | _aGlobalization. | ||
| 942 |
_cBK _2lcc _kFOR |
||
| 999 |
_c23186 _d23186 |
||